000 00608 a2200169 4500
003 NUST
005 20251030171143.0
040 _cNust
082 _a621.382,MAQ
100 _aMaqbool, GC Hassan TE-38/TCC-13
_9131329
245 _aImplementation / simulation of a universal modulation identifier and demodulator for communication intelligent (comment) system /
_cGC Hassan Maqbool, GC Mehmood ur Rehman,GC Fahad Nadir and GC Umair Gillani TE-38/TCC-13
260 _bMCS
_c2005
_aRawalpindi
300 _a163 p.,
650 _aUG Projects
_998716
651 _aTE-38/TCC-13
_9131330
942 _cPR
_2ddc
999 _c188637
_d188637